[Event "ZN-2018-0-03773"]
[Site "LSS email"]
[Date "2018.04.30"]
[Round "?"]
[White "Ducharme, Steven"]
[Black "Linart, Jakub"]
[Result "1-0"]
[WhiteElo "761"]
[BlackElo "439"]
[PlyCount "81"]
[EventDate "2018.04.28"]
[EventType "match (corr)"]
[EventRounds "2"]
[EventCountry "GER"]
[SourceTitle "Corr 2022"]
[Source "ChessBase"]
[SourceDate "2021.10.24"]
[SourceVersion "1"]
[SourceVersionDate "2021.10.24"]
[SourceQuality "1"]

1. e4 e5 2. Nf3 d6 3. Bc4 Nc6 4. 0-0 Be7 5. d4 Bf6 6. dxe5 dxe5 7. c3 Bd7 8. Be3 Nge7 9. Nbd2 0-0 10. a3 b6 11. b4 h6 12. h3 Qc8 13. Kh2 Be6 14. Qb3 a5 15. b5 Na7 16. a4 Qd7 17. Bxe6 fxe6 18. Nc4 Ng6 19. Rfd1 Qe7 20. Bc1 c5 21. Nxb6 Rab8 22. Rd7 Qe8 23. Rxa7 Bd8 24. Nc4 Rf7 25. Rxf7 Qxf7 26. Ncxe5 Nxe5 27. Nxe5 Bc7 28. f4 Bxe5 29. fxe5 Qg6 30. Qc4 Rf8 31. Be3 Qh5 32. Qxe6+ Kh8 33. g4 Qh4 34. Qf5 Rxf5 35. exf5 Qe7 36. e6 g5 37. Rd1 c4 38. Rd7 Qf6 39. Bd4 Qxd4 40. Rxd4 Kg7 41. b6 1-0

[Event "ZN-2017-0-03677"]
[Site "LSS email"]
[Date "2017.11.15"]
[Round "?"]
[White "Neuhausen, Rainer"]
[Black "Linart, Jakub"]
[Result "1-0"]
[WhiteElo "1044"]
[BlackElo "429"]
[PlyCount "93"]
[EventDate "2017.11.07"]
[EventType "match (corr)"]
[EventRounds "2"]
[EventCountry "GER"]
[SourceTitle "Corr 2022"]
[Source "ChessBase"]
[SourceDate "2021.10.24"]
[SourceVersion "1"]
[SourceVersionDate "2021.10.24"]
[SourceQuality "1"]

1. e4 e5 2. Nf3 Nc6 3. Bb5 a6 4. Ba4 Nf6 5. 0-0 Be7 6. Re1 0-0 7. c3 b5 8. Bb3 d6 9. d4 Bb7 10. Bg5 Nh5 11. Bxe7 Nxe7 12. Nbd2 c5 13. Nxe5 Nf4 14. Ng4 Nd3 15. Re3 Nf4 16. d5 c4 17. Bc2 a5 18. Rf3 Neg6 19. Ne3 a4 20. Nef1 Bc8 21. Re3 Qg5 22. Rg3 Qf6 23. Ne3 Nd3 24. Bxd3 cxd3 25. Ng4 Qf4 26. Ne3 Ne5 27. c4 bxc4 28. Ndxc4 Nxc4 29. Nxc4 Ba6 30. Qxd3 Rfe8 31. Re1 Rac8 32. b3 axb3 33. axb3 Rb8 34. Qe3 Qf6 35. Rf3 Qg6 36. Rg3 Qf6 37. Qa7 Ra8 38. Qc7 Re7 39. Qxd6 Qxd6 40. Nxd6 Rd8 41. Nf5 Rb7 42. Nxg7 Kf8 43. Nf5 Rb4 44. d6 Bb7 45. e5 Bd5 46. Ne7 Bb7 47. Rg8# 1-0

[Event "ZN-2017-0-03596"]
[Site "LSS email"]
[Date "2017.07.26"]
[Round "?"]
[White "Linart, Jakub"]
[Black "D'Emilia, Jack"]
[Result "0-1"]
[WhiteElo "438"]
[BlackElo "793"]
[PlyCount "46"]
[EventDate "2017.07.23"]
[EventType "match (corr)"]
[EventRounds "2"]
[EventCountry "GER"]
[SourceTitle "Corr 2022"]
[Source "ChessBase"]
[SourceDate "2021.10.24"]
[SourceVersion "1"]
[SourceVersionDate "2021.10.24"]
[SourceQuality "1"]

1. e4 e5 2. d4 exd4 3. Qxd4 Nc6 4. Qd3 Nf6 5. Bg5 Bc5 6. Nf3 h6 7. Bxf6 Qxf6 8. Be2 Qxb2 9. 0-0 Qxa1 10. Nc3 Qb2 11. Rb1 Qa3 12. Rb3 Qc1+ 13. Bf1 Nb4 14. Qe2 Qxc2 15. Qc4 Qxf2+ 16. Kh1 0-0 17. Rb1 b6 18. a3 Nc2 19. Nb5 Ne3 20. Nxc7 Nxc4 21. Nxa8 Nd2 22. Rd1 Nxf3 23. Nc7 Qg1# 0-1

[Event "ZN-2017-0-03530"]
[Site "LSS email"]
[Date "2017.04.01"]
[Round "?"]
[White "Lenz, Juergen"]
[Black "Linart, Jakub"]
[Result "1-0"]
[WhiteElo "1140"]
[BlackElo "447"]
[PlyCount "75"]
[EventDate "2017.03.27"]
[EventType "match (corr)"]
[EventRounds "2"]
[EventCountry "GER"]
[SourceTitle "Corr 2022"]
[Source "ChessBase"]
[SourceDate "2021.10.24"]
[SourceVersion "1"]
[SourceVersionDate "2021.10.24"]
[SourceQuality "1"]

1. d4 d5 2. Nf3 Nc6 3. Bf4 Nf6 4. e3 e6 5. Bd3 Bd6 6. Ne5 Bxe5 7. Bxe5 0-0 8. Nd2 h6 9. 0-0 a6 10. c3 b5 11. Bg3 Ne7 12. Nf3 c6 13. Ne5 Bb7 14. a4 Qc8 15. Bh4 Nf5 16. Bxf6 gxf6 17. Ng4 Kg7 18. Qf3 Rg8 19. Nxf6 Kxf6 20. g4 Ke7 21. Kh1 Nh4 22. Qh3 Ng6 23. f4 Nf8 24. Qxh6 Nd7 25. Qh4+ Kd6 26. f5 Kc7 27. fxe6 fxe6 28. Qg3+ Kb6 29. Rf7 Ka7 30. axb5 cxb5 31. Bxb5 Kb6 32. Bxd7 Qc4 33. Qd6+ Ka7 34. Bc6 Rab8 35. Qxe6 Ka8 36. Rxb7 Rgd8 37. Rb4+ Ka7 38. Qe7+ 1-0

[Event "ZN-2016-0-03381"]
[Site "LSS email"]
[Date "2016.07.20"]
[Round "?"]
[White "Bokros, Csaba"]
[Black "Linart, Jakub"]
[Result "1-0"]
[WhiteElo "836"]
[BlackElo "477"]
[PlyCount "89"]
[EventDate "2016.07.18"]
[EventType "match (corr)"]
[EventRounds "2"]
[EventCountry "GER"]
[SourceTitle "Corr 2022"]
[Source "ChessBase"]
[SourceDate "2021.10.24"]
[SourceVersion "1"]
[SourceVersionDate "2021.10.24"]
[SourceQuality "1"]

1. d4 d5 2. e3 e6 3. Nf3 Nc6 4. Bb5 Bd7 5. 0-0 a6 6. Bd3 Nf6 7. a3 Bd6 8. Nc3 0-0 9. Re1 b5 10. Bd2 Na5 11. Ne2 c5 12. dxc5 Bxc5 13. b4 Bb6 14. bxa5 Bc5 15. Ne5 Bc8 16. h3 Bd6 17. Nc6 Qc7 18. Ncd4 Bb7 19. c3 Rac8 20. Nb3 Be5 21. Nf4 Bxc3 22. Rc1 Qe5 23. Bxc3 Qg5 24. Qf3 Rfe8 25. e4 dxe4 26. Bxf6 Qxf6 27. Bxe4 Rb8 28. Bxb7 Qb2 29. Nc5 h6 30. Bxa6 Ra8 31. Rb1 Qc2 32. Rec1 Qd2 33. Bxb5 Rxa5 34. Bxe8 Qd8 35. Bc6 Qd6 36. Nb7 Qc7 37. Nxa5 Qxa5 38. Qd3 Kf8 39. Rb8+ Ke7 40. Re8+ Kf6 41. Qd4+ Kg5 42. g3 Qxa3 43. Qxg7+ Kf5 44. Qxf7+ Ke5 45. Rxe6+ 1-0

[Event "ZN-2016-0-03381"]
[Site "LSS email"]
[Date "2016.07.20"]
[Round "?"]
[White "Linart, Jakub"]
[Black "Bokros, Csaba"]
[Result "0-1"]
[WhiteElo "477"]
[BlackElo "836"]
[PlyCount "76"]
[EventDate "2016.07.18"]
[EventType "match (corr)"]
[EventRounds "2"]
[EventCountry "GER"]
[SourceTitle "Corr 2022"]
[Source "ChessBase"]
[SourceDate "2021.10.24"]
[SourceVersion "1"]
[SourceVersionDate "2021.10.24"]
[SourceQuality "1"]

1. e4 e5 2. Nf3 d6 3. Bb5+ c6 4. Be2 Nf6 5. d3 Be7 6. 0-0 0-0 7. Bg5 h6 8. Bxf6 Bxf6 9. Nc3 a6 10. b4 b5 11. a3 a5 12. h3 a4 13. Na2 Be6 14. c4 Bd7 15. Nc3 Re8 16. c5 dxc5 17. bxc5 Qe7 18. Rc1 Na6 19. d4 exd4 20. Nxd4 Nxc5 21. Bf3 Bxd4 22. Re1 Be6 23. Qxd4 Nb3 24. Qb6 Nxc1 25. Rxc1 Bd7 26. Bg4 Bxg4 27. hxg4 Qg5 28. Ne2 Qxg4 29. f3 Qe6 30. Rxc6 Qe7 31. Rc7 Qd8 32. Nd4 Rb8 33. Qc5 b4 34. axb4 Rc8 35. Nb5 a3 36. Rc6 a2 37. Na7 a1Q+ 38. Kh2 Qh4# 0-1

[Event "ZN-2016-0-03364"]
[Site "LSS email"]
[Date "2016.06.25"]
[Round "?"]
[White "Linart, Jakub"]
[Black "Neuhausen, Rainer"]
[Result "0-1"]
[WhiteElo "465"]
[BlackElo "1082"]
[PlyCount "72"]
[EventDate "2016.06.15"]
[EventType "match (corr)"]
[EventRounds "2"]
[EventCountry "GER"]
[SourceTitle "Corr 2022"]
[Source "ChessBase"]
[SourceDate "2021.10.24"]
[SourceVersion "1"]
[SourceVersionDate "2021.10.24"]
[SourceQuality "1"]

1. e4 e5 2. d3 Nf6 3. Nf3 Nc6 4. Bg5 Be7 5. Be2 d6 6. Nc3 Be6 7. b3 h6 8. Bxf6 Bxf6 9. 0-0 0-0 10. h3 Be7 11. Nd5 Bxd5 12. exd5 Nb4 13. c4 Na6 14. a4 Nb4 15. Ne1 a5 16. Nc2 Nxc2 17. Qxc2 f5 18. Bh5 Bh4 19. Bg6 Qg5 20. Bxf5 Qxf5 21. Qe2 Rf7 22. Ra2 Raf8 23. Kh1 Be7 24. Qe3 b6 25. Re2 Bg5 26. Qg3 Qf4 27. Qxf4 Bxf4 28. g3 Bg5 29. h4 Bd8 30. Kg2 Rf3 31. Re3 Rxe3 32. fxe3 Rxf1 33. Kxf1 Kf7 34. Kf2 Kg6 35. Kf3 Kh5 36. e4 Bxh4 0-1

[Event "ZN-2016-0-03344"]
[Site "LSS email"]
[Date "2016.05.23"]
[Round "?"]
[White "Lenz, Juergen"]
[Black "Linart, Jakub"]
[Result "1-0"]
[WhiteElo "1072"]
[BlackElo "466"]
[PlyCount "53"]
[EventDate "2016.05.19"]
[EventType "match (corr)"]
[EventRounds "2"]
[EventCountry "GER"]
[SourceTitle "Corr 2022"]
[Source "ChessBase"]
[SourceDate "2021.10.24"]
[SourceVersion "1"]
[SourceVersionDate "2021.10.24"]
[SourceQuality "1"]

1. d4 d5 2. Nf3 e6 3. Bf4 Bd6 4. Ne5 Nh6 5. Bxh6 gxh6 6. e3 Qf6 7. f4 Bd7 8. Bd3 Nc6 9. Qh5 Nxe5 10. fxe5 Qe7 11. exd6 Qxd6 12. 0-0 0-0-0 13. Rxf7 Be8 14. Qf3 Bxf7 15. Qxf7 Rdf8 16. Qh5 Rf6 17. Nd2 a6 18. Rf1 Rhf8 19. Rxf6 Rxf6 20. Nf3 Kb8 21. Ne5 Qb4 22. c3 Qxb2 23. h3 Qxc3 24. Kh2 Qd2 25. Qe8+ Ka7 26. Nd7 Qxd3 27. Qb8# 1-0

[Event "ZN-2016-0-03311"]
[Site "LSS email"]
[Date "2016.03.25"]
[Round "?"]
[White "Bearce, Harold L"]
[Black "Linart, Jakub"]
[Result "0-1"]
[WhiteElo "289"]
[BlackElo "462"]
[PlyCount "48"]
[EventDate "2016.03.17"]
[EventType "match (corr)"]
[EventRounds "2"]
[EventCountry "GER"]
[SourceTitle "Corr 2022"]
[Source "ChessBase"]
[SourceDate "2021.10.24"]
[SourceVersion "1"]
[SourceVersionDate "2021.10.24"]
[SourceQuality "1"]

1. e4 e5 2. Nf3 d6 3. d4 Nc6 4. Bb5 Bd7 5. Nc3 a6 6. Bxc6 Bxc6 7. Be3 Be7 8. Qd2 Nf6 9. d5 Bd7 10. 0-0-0 0-0 11. h3 c5 12. g4 b5 13. Rhf1 b4 14. Ne2 Qa5 15. Kb1 Qb6 16. c3 a5 17. cxb4 axb4 18. Rc1 Qa5 19. b3 Nxe4 20. Qb2 Bf6 21. Rc2 Nc3+ 22. Nxc3 e4 23. Nd2 bxc3 24. Rxc3 Bxc3 0-1

[Event "ZN-2015-0-03165"]
[Site "LSS email"]
[Date "2015.10.20"]
[Round "?"]
[White "Linart, Jakub"]
[Black "Stehling, Eva"]
[Result "0-1"]
[WhiteElo "473"]
[BlackElo "954"]
[PlyCount "102"]
[EventDate "2015.10.15"]
[EventType "match (corr)"]
[EventRounds "2"]
[EventCountry "GER"]
[SourceTitle "Corr 2022"]
[Source "ChessBase"]
[SourceDate "2021.10.24"]
[SourceVersion "1"]
[SourceVersionDate "2021.10.24"]
[SourceQuality "1"]

1. d4 d5 2. Nc3 Nf6 3. e3 Bf5 4. Nf3 e6 5. Bd3 Bxd3 6. Qxd3 c5 7. Ne5 cxd4 8. exd4 Nc6 9. 0-0 Bb4 10. Bd2 0-0 11. a3 Ba5 12. Rfe1 Bb6 13. Nb5 a6 14. Nc3 Nxd4 15. b4 Nc6 16. Na4 Nxe5 17. Rxe5 Bc7 18. Re2 b5 19. Nc5 Nd7 20. c3 Nxc5 21. bxc5 Rc8 22. a4 Qd7 23. axb5 Qxb5 24. Qxb5 axb5 25. Bc1 Bd8 26. Be3 Be7 27. Ra5 Bxc5 28. Rxb5 Bxe3 29. Rxe3 Rc4 30. h3 Rfc8 31. Kh2 g6 32. g4 Rxc3 33. Rxc3 Rxc3 34. Rb8+ Kg7 35. Kg2 f5 36. f3 fxg4 37. hxg4 g5 38. Kg3 Kg6 39. Rb6 Kf6 40. Rb7 h6 41. Rh7 Kg6 42. Ra7 Rc6 43. Ra4 Rd6 44. f4 d4 45. Kf3 gxf4 46. Kxf4 Kf6 47. Ra5 d3 48. Ke3 d2 49. Ra1 d1Q 50. Rxd1 Rxd1 51. Kf4 e5+ 0-1

[Event "ZN-2015-0-03145"]
[Site "LSS email"]
[Date "2015.09.20"]
[Round "?"]
[White "Bokros, Csaba"]
[Black "Linart, Jakub"]
[Result "1-0"]
[WhiteElo "895"]
[BlackElo "482"]
[PlyCount "41"]
[EventDate "2015.09.09"]
[EventType "match (corr)"]
[EventRounds "2"]
[EventCountry "GER"]
[SourceTitle "Corr 2022"]
[Source "ChessBase"]
[SourceDate "2021.10.24"]
[SourceVersion "1"]
[SourceVersionDate "2021.10.24"]
[SourceQuality "1"]

1. e4 e5 2. Nf3 d6 3. Bc4 Be6 4. Bxe6 fxe6 5. d4 exd4 6. Nxd4 Qd7 7. c4 e5 8. Nc2 Nf6 9. Nc3 Nc6 10. 0-0 0-0-0 11. Bg5 Be7 12. Be3 Kb8 13. b4 h6 14. b5 Na5 15. Nb4 Nxc4 16. Bxa7+ Kxa7 17. Nc6+ bxc6 18. Qa4+ Kb7 19. Qa6+ Kb8 20. bxc6 Qe6 21. Qb7# 1-0

[Event "ZN-2015-0-03094"]
[Site "LSS email"]
[Date "2015.06.13"]
[Round "?"]
[White "Linart, Jakub"]
[Black "Lauer, Frederic"]
[Result "0-1"]
[WhiteElo "477"]
[BlackElo "1051"]
[PlyCount "56"]
[EventDate "2015.06.06"]
[EventType "match (corr)"]
[EventRounds "2"]
[EventCountry "GER"]
[SourceTitle "Corr 2022"]
[Source "ChessBase"]
[SourceDate "2021.10.24"]
[SourceVersion "1"]
[SourceVersionDate "2021.10.24"]
[SourceQuality "1"]

1. e4 b6 2. d4 Bb7 3. e5 d6 4. Nf3 dxe5 5. Nxe5 Nf6 6. Bg5 Nbd7 7. Bb5 a6 8. Bxd7+ Nxd7 9. Nf3 g6 10. 0-0 Bg7 11. Re1 Nf6 12. c3 0-0 13. Na3 h6 14. Bf4 Nd5 15. Be5 Rc8 16. Nc4 e6 17. Qd2 Kh7 18. Ne3 Nxe3 19. Qxe3 Qe7 20. b4 Bxf3 21. Qxf3 Bxe5 22. Rxe5 c5 23. Rc1 cxd4 24. h3 dxc3 25. Rxc3 Rxc3 26. Qe2 Qxb4 27. Qxa6 Rc1+ 28. Kh2 Qf4+ 0-1

[Event "ZN-2015-0-03065"]
[Site "LSS email"]
[Date "2015.04.26"]
[Round "?"]
[White "Linart, Jakub"]
[Black "Simmons, Ernest"]
[Result "0-1"]
[WhiteElo "487"]
[BlackElo "842"]
[PlyCount "100"]
[EventDate "2015.04.19"]
[EventType "match (corr)"]
[EventRounds "2"]
[EventCountry "GER"]
[SourceTitle "Corr 2022"]
[Source "ChessBase"]
[SourceDate "2021.10.24"]
[SourceVersion "1"]
[SourceVersionDate "2021.10.24"]
[SourceQuality "1"]

1. e4 c6 2. d4 d5 3. e5 Bf5 4. Nf3 h6 5. Nc3 f6 6. Bd3 Qc8 7. Nh4 g5 8. Bxf5 e6 9. Bg6+ Ke7 10. Nf3 Nd7 11. 0-0 Kd8 12. Bf7 Ne7 13. Bxe6 Ng6 14. exf6 Qc7 15. f7 Be7 16. Bf5 Ngf8 17. Bxd7 Qxd7 18. Ne5 Qd6 19. Re1 Kc7 20. b3 Rc8 21. Na4 Kb8 22. Ba3 Qxa3 23. c4 Qd6 24. Nc5 h5 25. cxd5 Qxd5 26. Rb1 Bf6 27. Nf3 Qxf7 28. a4 Ng6 29. b4 g4 30. Ne5 Nxe5 31. dxe5 Bh4 32. Ne4 Rcd8 33. Qc2 Qe6 34. Qc3 Rhf8 35. Rb2 Be7 36. Nc5 Qg6 37. e6 Bf6 38. Qg3+ Ka8 39. Qc7 Rb8 40. Nd7 Rbc8 41. Qa5 Bxb2 42. Nxf8 Rxf8 43. e7 Re8 44. Qc7 Qg8 45. b5 cxb5 46. axb5 Bf6 47. Qa5 b6 48. Qb4 Qh7 49. Re6 Bxe7 50. Qa4 Qb1+ 0-1

[Event "ZN-2015-0-03065"]
[Site "LSS email"]
[Date "2015.04.26"]
[Round "?"]
[White "Simmons, Ernest"]
[Black "Linart, Jakub"]
[Result "1-0"]
[WhiteElo "842"]
[BlackElo "487"]
[PlyCount "57"]
[EventDate "2015.04.19"]
[EventType "match (corr)"]
[EventRounds "2"]
[EventCountry "GER"]
[SourceTitle "Corr 2022"]
[Source "ChessBase"]
[SourceDate "2021.10.24"]
[SourceVersion "1"]
[SourceVersionDate "2021.10.24"]
[SourceQuality "1"]

1. e4 e5 2. Nf3 d6 3. Nc3 Nc6 4. Bb5 Bd7 5. Be2 Nf6 6. 0-0 Be7 7. Bc4 0-0 8. Ng5 h6 9. Nxf7 Qe8 10. Nxd6+ Be6 11. Nxe8 Nxe8 12. Bxe6+ Kh8 13. d3 Nd4 14. Bc4 Nd6 15. Nd5 Bd8 16. c3 c6 17. Ne3 Bg5 18. cxd4 exd4 19. Nf5 Bxc1 20. Qxc1 Nxf5 21. exf5 Rxf5 22. Qe1 Rff8 23. Qe5 Rad8 24. Rae1 b5 25. Bb3 a5 26. Qc5 Rf6 27. Re7 Kh7 28. Rxg7+ Kxg7 29. Qe7+ 1-0

[Event "ZN-2014-0-02903"]
[Site "LSS email"]
[Date "2014.12.05"]
[Round "?"]
[White "Linart, Jakub"]
[Black "Bokros, Csaba"]
[Result "0-1"]
[WhiteElo "568"]
[BlackElo "724"]
[PlyCount "64"]
[EventDate "2014.12.02"]
[EventType "match (corr)"]
[EventRounds "2"]
[EventCountry "GER"]
[SourceTitle "Corr 2015"]
[Source "ChessBase"]
[SourceDate "2015.07.17"]
[SourceVersion "1"]
[SourceVersionDate "2015.07.17"]
[SourceQuality "1"]

1. e4 e6 2. d4 d5 3. e5 f6 4. Nf3 a6 5. Nc3 Bb4 6. Bd2 Nc6 7. a3 Be7 8. Bd3 f5 9. 0-0 b6 10. b4 Bb7 11. Na4 Qd7 12. c4 dxc4 13. Bxc4 b5 14. Bxe6 Qxe6 15. Bc3 Rd8 16. Nc5 Bxc5 17. bxc5 Qc4 18. Qc2 Nxd4 19. Nxd4 Rxd4 20. Qxf5 Rf4 21. Qh3 Ne7 22. Bb4 Rh4 23. Qg3 0-0 24. c6 Nf5 25. Qf3 Bxc6 26. Qxc6 Qxc6 27. Bxf8 Kxf8 28. Rad1 Rd4 29. Rfe1 Rxd1 30. Rxd1 Ke7 31. f4 Ne3 32. Rd2 Qc1+ 0-1

[Event "ZN-2014-0-02850"]
[Site "LSS email"]
[Date "2014.11.04"]
[Round "?"]
[White "Linart, Jakub"]
[Black "Cherry, Brian"]
[Result "0-1"]
[WhiteElo "554"]
[BlackElo "573"]
[PlyCount "56"]
[EventDate "2014.10.30"]
[EventType "match (corr)"]
[EventRounds "2"]
[EventCountry "GER"]
[SourceTitle "Corr 2015"]
[Source "ChessBase"]
[SourceDate "2015.07.17"]
[SourceVersion "1"]
[SourceVersionDate "2015.07.17"]
[SourceQuality "1"]

1. e4 Nc6 2. Nf3 e5 3. d3 d6 4. Be2 f5 5. 0-0 h6 6. Nc3 Nf6 7. Be3 f4 8. Bd2 Be6 9. h3 g5 10. b3 h5 11. Nxg5 Qe7 12. Na4 Bd7 13. c4 Qg7 14. Nf3 Rg8 15. Nh4 Be7 16. Bf3 Nd4 17. Nc3 Bxh3 18. Nd5 Nxd5 19. exd5 Bxh4 20. Kh2 Nxf3+ 21. Qxf3 Bf5 22. a4 Bxd3 23. Rg1 Qg6 24. Rad1 Bc2 25. Rc1 Kd7 26. Kh3 Bf5+ 27. Kxh4 Bg4 28. Qc3 Qg5# 0-1

[Event "ZN-2014-0-02810"]
[Site "LSS email"]
[Date "2014.09.23"]
[Round "?"]
[White "Linart, Jakub"]
[Black "Vaculik, Jakub"]
[Result "0-1"]
[WhiteElo "554"]
[BlackElo "856"]
[PlyCount "65"]
[EventDate "2014.09.17"]
[EventType "match (corr)"]
[EventRounds "2"]
[EventCountry "GER"]
[SourceTitle "Corr 2015"]
[Source "ChessBase"]
[SourceDate "2015.07.17"]
[SourceVersion "1"]
[SourceVersionDate "2015.07.17"]
[SourceQuality "1"]

1. e4 e5 2. Qf3 d6 3. Bc4 Nf6 4. Ne2 Be7 5. 0-0 0-0 6. d4 Bg4 7. Qg3 Bxe2 8. Bxe2 exd4 9. Bh6 Ne8 10. Nd2 Kh8 11. Bf4 Nf6 12. e5 dxe5 13. Bxe5 c5 14. Ne4 b6 15. Bd3 Nc6 16. f4 Nxe5 17. fxe5 Nxe4 18. Bxe4 Rb8 19. Qh3 g6 20. c4 Qc7 21. Qg3 Rbe8 22. b3 Bd8 23. a4 Qxe5 24. Qg4 Qxe4 25. Qxe4 Rxe4 26. Rf3 f5 27. Rb1 Rfe8 28. Kf2 Re2+ 29. Kg3 R2e3 30. h4 Rxf3+ 31. Kxf3 Bxh4 32. g3 Re3+ 33. Kf4 0-1

[Event "ZN-2014-0-02810"]
[Site "LSS email"]
[Date "2014.09.23"]
[Round "?"]
[White "Vaculik, Jakub"]
[Black "Linart, Jakub"]
[Result "1-0"]
[WhiteElo "856"]
[BlackElo "554"]
[PlyCount "45"]
[EventDate "2014.09.17"]
[EventType "match (corr)"]
[EventRounds "2"]
[EventCountry "GER"]
[SourceTitle "Corr 2015"]
[Source "ChessBase"]
[SourceDate "2015.07.17"]
[SourceVersion "1"]
[SourceVersionDate "2015.07.17"]
[SourceQuality "1"]

1. e4 e5 2. Nf3 d6 3. Be2 Nc6 4. 0-0 Nf6 5. d3 d5 6. exd5 Nxd5 7. Bd2 Bd6 8. Nc3 Nxc3 9. Bxc3 0-0 10. Re1 Qf6 11. Bf1 Nd4 12. a3 Re8 13. Nxd4 Bd7 14. Nf3 c5 15. Qd2 a5 16. Bxa5 Bc6 17. Be2 Qg6 18. Bc3 Bd7 19. Bf1 b5 20. Nxe5 Qh5 21. Nf3 Bc6 22. Qg5 Bxf3 23. Qxg7# 1-0

[Event "ZN-2014-0-02802"]
[Site "LSS email"]
[Date "2014.09.15"]
[Round "?"]
[White "Simmons, Ernest"]
[Black "Linart, Jakub"]
[Result "1-0"]
[WhiteElo "760"]
[BlackElo "554"]
[PlyCount "69"]
[EventDate "2014.09.10"]
[EventType "match (corr)"]
[EventRounds "2"]
[EventCountry "GER"]
[SourceTitle "Corr 2015"]
[Source "ChessBase"]
[SourceDate "2015.07.17"]
[SourceVersion "1"]
[SourceVersionDate "2015.07.17"]
[SourceQuality "1"]

1. d4 d5 2. c4 c6 3. e3 Nf6 4. Nc3 e6 5. Nf3 Bb4 6. Bd2 0-0 7. Be2 b5 8. c5 Nbd7 9. 0-0 e5 10. dxe5 Nxe5 11. Nxe5 Bb7 12. Nd3 Bxc3 13. Bxc3 Re8 14. Bf3 a5 15. Bd4 Ne4 16. Nf4 a4 17. a3 Ng5 18. Bg4 Bc8 19. Be2 Ne4 20. f3 Qg5 21. fxe4 Rxe4 22. Bf3 Re7 23. Rf2 Bd7 24. Nh5 f6 25. Be2 Bf5 26. Ng3 Bd7 27. Nh5 Rae8 28. Nxf6+ gxf6 29. Bxf6 Qxe3 30. Bxe7 Rxe7 31. Qd3 Qxc5 32. Qg3+ Kh8 33. Qb8+ Kg7 34. Qf8+ Kg6 35. Qf6# 1-0

[Event "ZN-2014-0-02792"]
[Site "LSS email"]
[Date "2014.09.03"]
[Round "?"]
[White "Linart, Jakub"]
[Black "Maikowski, Rainer"]
[Result "0-1"]
[WhiteElo "554"]
[BlackElo "800"]
[PlyCount "44"]
[EventDate "2014.08.27"]
[EventType "match (corr)"]
[EventRounds "2"]
[EventCountry "GER"]
[SourceTitle "Corr 2015"]
[Source "ChessBase"]
[SourceDate "2015.07.17"]
[SourceVersion "1"]
[SourceVersionDate "2015.07.17"]
[SourceQuality "1"]

1. e4 e5 2. Nf3 Nc6 3. Bb5 a6 4. Bxc6 dxc6 5. Nxe5 Qd4 6. Nxf7 Qxe4+ 7. Qe2 Qxe2+ 8. Kxe2 Kxf7 9. Re1 Nf6 10. Kf1 Bd6 11. Kg1 Bf5 12. d3 Rhe8 13. Bd2 Rxe1+ 14. Bxe1 Nd5 15. Nd2 Nb4 16. Rb1 Nxc2 17. Nf3 Bxd3 18. Bc3 Nd4 19. Bxd4 Bxb1 20. Ng5+ Kg6 21. Ne6 Re8 22. Nf4+ Bxf4 0-1

[Event "ZN-2014-0-02792"]
[Site "LSS email"]
[Date "2014.09.03"]
[Round "?"]
[White "Maikowski, Rainer"]
[Black "Linart, Jakub"]
[Result "1-0"]
[WhiteElo "800"]
[BlackElo "554"]
[PlyCount "51"]
[EventDate "2014.08.27"]
[EventType "match (corr)"]
[EventRounds "2"]
[EventCountry "GER"]
[SourceTitle "Corr 2015"]
[Source "ChessBase"]
[SourceDate "2015.07.17"]
[SourceVersion "1"]
[SourceVersionDate "2015.07.17"]
[SourceQuality "1"]

1. d4 d5 2. c4 e6 3. Nc3 Nf6 4. Nf3 dxc4 5. e4 Bb4 6. Bg5 Nbd7 7. Bxc4 0-0 8. e5 b6 9. exf6 Nxf6 10. 0-0 Be7 11. Ne5 Nd5 12. Bxd5 exd5 13. Nc6 Qd6 14. Nxe7+ Kh8 15. Nexd5 Bb7 16. Be7 Qd7 17. Bxf8 Rxf8 18. Nf4 Re8 19. d5 a5 20. Re1 c5 21. Rxe8+ Qxe8 22. Qa4 Qe5 23. Nd3 Qe7 24. Re1 Qd8 25. Qe8+ Qxe8 26. Rxe8# 1-0

[Event "RN-2014-0-00783"]
[Site "LSS email"]
[Date "2014.03.27"]
[Round "?"]
[White "Trebichalsky, Rastislav"]
[Black "Linart, Jakub"]
[Result "1-0"]
[WhiteElo "606"]
[BlackElo "595"]
[PlyCount "71"]
[EventDate "2014.03.17"]
[EventType "tourn (corr)"]
[EventRounds "6"]
[EventCountry "GER"]
[SourceTitle "Telechess CBM 167"]
[Source "ChessBase"]
[SourceDate "2015.07.13"]
[SourceVersion "1"]
[SourceVersionDate "2015.07.13"]
[SourceQuality "1"]

1. e4 e5 2. a3 d5 3. exd5 Qxd5 4. Nc3 Qd6 5. Nb5 Qc5 6. Nf3 Nd7 7. b4 Qc6 8. Bb2 f6 9. Be2 Nb6 10. Nc3 Be6 11. Bb5 Bd7 12. Bxc6 Bxc6 13. 0-0 0-0-0 14. b5 Bd7 15. h3 Nh6 16. a4 Bb4 17. a5 Nc4 18. Bc1 Bxc3 19. dxc3 Bxb5 20. Qe2 Nf5 21. Rd1 Nxa5 22. Rxd8+ Rxd8 23. Qxb5 Nc6 24. Rb1 Nd6 25. Qb3 Na5 26. Qb4 Nac4 27. Nd2 Nb6 28. c4 g5 29. c5 Nd5 30. Qb3 Ne7 31. cxd6 Nf5 32. Qxb7+ Kd7 33. Qxc7+ Ke6 34. Qxd8 Nxd6 35. Ba3 Nf7 36. Qe7+ 1-0

[Event "RN-2014-0-00783"]
[Site "LSS email"]
[Date "2014.03.27"]
[Round "?"]
[White "Venturas, Bob"]
[Black "Linart, Jakub"]
[Result "1-0"]
[WhiteElo "736"]
[BlackElo "595"]
[PlyCount "35"]
[EventDate "2014.03.17"]
[EventType "tourn (corr)"]
[EventRounds "6"]
[EventCountry "GER"]
[SourceTitle "Telechess CBM 167"]
[Source "ChessBase"]
[SourceDate "2015.07.13"]
[SourceVersion "1"]
[SourceVersionDate "2015.07.13"]
[SourceQuality "1"]

1. e4 e5 2. d4 f6 3. Nf3 Nc6 4. d5 Nb4 5. c3 Na6 6. Bxa6 bxa6 7. 0-0 a5 8. a4 Ba6 9. Re1 c5 10. dxc6 dxc6 11. Qb3 Rb8 12. Qe6+ Ne7 13. Be3 Bc8 14. Qa2 Ng6 15. Nbd2 a6 16. Rad1 Bd6 17. Ng5 h6 18. Qf7# 1-0

[Event "ZN-2013-0-02528"]
[Site "LSS email"]
[Date "2013.12.26"]
[Round "?"]
[White "Linart, Jakub"]
[Black "Mashchenko, Vladimir"]
[Result "0-1"]
[WhiteElo "610"]
[BlackElo "1274"]
[PlyCount "46"]
[EventDate "2013.12.21"]
[EventType "match (corr)"]
[EventRounds "2"]
[EventCountry "GER"]
[SourceTitle "Telechess CBM 167"]
[Source "ChessBase"]
[SourceDate "2015.07.13"]
[SourceVersion "1"]
[SourceVersionDate "2015.07.13"]
[SourceQuality "1"]

1. e4 c5 2. d3 Nc6 3. Nf3 Nf6 4. c4 e6 5. Bg5 Be7 6. Nc3 0-0 7. Bxf6 Bxf6 8. Nb5 Bxb2 9. Rb1 Bf6 10. Be2 d5 11. 0-0 a6 12. Na3 b5 13. cxb5 axb5 14. Nxb5 Rxa2 15. d4 dxe4 16. Nd2 Nxd4 17. Nc3 Nxe2+ 18. Qxe2 Bxc3 19. Rfd1 Rxd2 20. Rxd2 Qxd2 21. Qxe4 Bd4 22. Rf1 Ba6 23. h3 Bxf1 0-1